000 00536nam a2200217Ia 4500
003 OSt
005 20220928145159.0
006 a|||||r|||| 00| 0
007 ta
008 220927b |||||||| |||| 00| 0 eng d
024 _a79314
037 _cTextual
040 _aSDCL
_cSDCL
_beng
041 _2eng
_aeng
082 _aX:742.1'N90, M7
100 _aBatra Ravi
_9512015
245 0 _aGreat depression of 1990.
260 _c1987
942 _hX:742.1'N90, M7
_cTEXL
_2CC
999 _c832418
_d832418